Word Ladder: 3-Word Songs Quiz Stats

 Plays Quiz Updated Aug 13, 2014

Support Sporcle.
Go Orange.
Score 0/27 Timer 03:00
0 Plays Today
Hint Answer % Correct
3-Letter LadderOLD
96.2%
3-Letter LadderLID
95.7%
3-Letter LadderADD
94.9%
3-Letter LadderODD
94.9%
3-Letter LadderLIT
94.7%
3-Letter LadderAID
91.4%
2-Letter LadderIT
90%
3-Letter LadderOLÉ
87.8%
3-Letter LadderLET
86.5%
Another 2-Letter LadderDO
85.4%
Another 2-Letter LadderME
84.1%
Another 2-Letter LadderGO
83.8%
2-Letter LadderCD
83.1%
2-Letter LadderCT
83.1%
Hint Answer % Correct
Another 2-Letter LadderDE
80.5%
Another 2-Letter LadderAS
78.8%
Another 2-Letter LadderAK
77.8%
Another 2-Letter LadderMS
74.8%
Another 2-Letter LadderUK
74.4%
2-Letter LadderAC
72.2%
2-Letter LadderED
70.3%
2-Letter LadderEL
66.6%
2-Letter LadderAL
65.7%
Another 2-Letter LadderUS
57.2%
2-Letter LadderOC
56.7%
2-Letter LadderOF
51.9%
3-Letter LadderONE
40.4%

Today's Daily Dose

You're not logged in!

Compare scores with friends on all Sporcle quizzes.
OR
Log In

From the Vault

Most Densely Populated Countries from A to Z

by Deeisenberg

Here's an alphabetical list of the countries where it would be hard to be lonely.
Remove Ads.
Support Sporcle.
Get the best of Sporcle when you Go Orange. This ad-free experience offers more features, more stats, and more fun while also helping to support Sporcle. Thank you for becoming a member.

Show Comments

Extras

Top Quizzes Today


Score Distribution

Your Account Isn't Verified!

In order to create a playlist on Sporcle, you need to verify the email address you used during registration. Go to your Sporcle Settings to finish the process.

Report this User

Report this user for behavior that violates our Community Guidelines.

Details: